| 000 | 00757nam a2200241Ia 4500 | ||
|---|---|---|---|
| 003 | GCL | ||
| 008 | 140319s9999 xx 000 0 ara d | ||
| 040 |
_aGCL / _cGCL |
||
| 082 | 0 | 4 |
_a296.38 _bد م |
| 100 | 1 | _aسليم حداد (مترجم) | |
| 245 | 1 | 0 |
_aالمافيا فى اسرائيل / _cسليم حداد (مترجم) |
| 700 | 1 | _aديوجى، جاك | |
| 260 |
_a[S.N] : _bالمؤسسة الجامعية للدراسات والنشر والتوزيع |
||
| 300 | _a264 ص | ||
| 490 | _a | ||
| 650 | 0 | 4 | _aالمجتمع |
| 650 | 0 | 4 | _aالاحوال الاجتماعية |
| 650 | 0 | 4 | _aالجمعيات السرية |
| 650 | 0 | 4 | _aاسرائيل |
| 650 | 0 | 4 | _aالجرائم المنظمة |
| 650 | 0 | 4 | _aالمافيا |
| 942 |
_2ddc _cBK |
||
| 999 |
_c34559 _d34559 |
||